01878cam a22002894a 450000100090000000300040000900500170001300800410003001000170007102000400008804000180012804200080014605000180015408200120017210000290018424501290021325000130034226000520035530000670040750400510047450509140052565000120143970000220145170000210147370000170149485600770151113847182OSt20210414114045.0050121s2006 mauab b 001 0 eng  a 2005001785 a0072528400 (hard copy : alk. paper) aDLCcDLCdDLC apcc00aQK47.S836 b 00a5802221 aStern, Kingsley Rowland.10aIntroductory plant biology. /cKingsley R. Stern ; with contributions by James E. Bidlack, Shelley H. Jansky, Gordon E. Uno. a10th ed. aBoston :bMcGraw-Hill Higher Education,cc2006. axvi, 624 p. :bill. (chiefly col.), maps (some col.) ;c29 cm. aIncludes bibliographical references and index. aContents: What is plant biology? -- The Nature of life -- Cells -- Tissues -- Roots and soils -- Stems -- Leaves -- Flowers, fruits and seeds -- Water in plants -- Plant metabolism -- Growth -- Meiosis and alternation of generations -- Genetics -- Plant breeding and propagation -- Evolution -- Plant names and classification -- Domain (kingdom) bacteria, domain (kingdom) archaea and viruses -- Kingdom protista -- Kingdom fungi -- Introduction to the plant kingdom: bryophytes -- The Seedless vascular plants: ferns and their relatives -- Introduction to seed plants: gymnosperms -- Seed plants: angiosperms -- Flowering plants and civilization -- Ecology -- Biomes -- Appendix 1: Scientific names of organisms mentioned in the text -- 2: Biological controls -- 3: Useful and poisonous plants, fungi and algae -- 4: House plants and home gardening -- 5: Metric equivalents and conversion tables -- Glossary. 0aBotany.1 aBidlack, James E.1 aJansky, Shelley.1 aUno, Gordon.413Table of contentsuhttp://www.loc.gov/catdir/toc/ecip057/2005001785.html